Nennen Sie eine gültige Antwort (Allgemeinwissen) #1 - Statistiken

Allgemein
  • Dieses Quiz wurde 634 mal gespielt
  • Das Durchschnittsergebnis liegt bei 8 aus 10
Antwortstatistiken
Nennen Sie... # Antwort % Korrekt
ein Land, das die Fußball-Weltmeisterschaft gewonnen hat(außer Deutschland) 7 Argentinien | Brasilien | England | Frankreich | Italien | Spanien | Uruguay
100%
eine deutsche Millionenstadt 4 Berlin | Hamburg | Köln | München
100%
eines der "Neuen Bundesländer" 5 Brandenburg | Mecklenburg-Vorpommern | Sachsen | Sachsen-Anhalt | Thüringen
88%
ein Land, das an die Schweiz grenzt(außer Deutschland) 4 Frankreich | Italien | Liechtenstein | Österreich
88%
eines der Kinder von Homer und Marge Simpson 3 Bart | Lisa | Maggie
84%
eine Nobelpreis-Kategorie 6 Chemie | Frieden | Literatur | Medizin | Physik | Wirtschaft
81%
einen Moderator von "Wetten, dass...?" 4 Frank Elstner | Thomas Gottschalk | Markus Lanz | Wolfgang Lippert
67%
einen Berg über 8.000 m(außer Mount Everest) 12 Annapurna | Broad Peak | Cho Oyu | Dhaulagiri | Gasherbrum | K2 | Kangchendzönga | Lhotse | Makalu | Manaslu | Nanga Parbat | Shishapangma
56%
einen deutschen Bundespräsidenten(außer den amtierenden) 11 Karl Carstens | Joachim Gauck | Gustav Heinemann | Roman Herzog | Theodor Heuss | Horst Köhler | Heinrich Lübke | Johannes Rau | Walter Scheel | Richard von Weizsäcker | Christian Wulff
55%
ein Gründungsmitglied der Spice Girls 5 Victoria Beckham | Melanie Brown | Melanie Chisholm | Geri Halliwell | Michelle Stephenson
48%
Keine übereinstimmenden Quizze gefunden
Verteilung der Resultate
Anzahl Personen mit jedem Resultat
Perzentil nach korrekt beantworteten Fragen
Ihre Resultats-Entwicklung
Sie haben dieses Quiz noch nicht gespielt